000 00355 a2200169 4500
001 190978
020 _a85-00-21095-8
040 _cMagnum
100 _aTashlin, Frank
240 1 0 _aEra urso?
_lpor
245 1 0 _aEra urso?
300 _a31
362 0 _a2001
440 1 _aEdiouro
697 _aLITERATURA INFANTO-JUVENIL ESTRANGEIRA
942 _cBK
999 _c190978
_d190978